| 000 | 00893nam a2200229Ia 4500 | ||
|---|---|---|---|
| 005 | 20241129105855.0 | ||
| 008 | 241129s9999||||xx |||||||||||||| ||und|| | ||
| 020 | _a978-93-83099-52-8 | ||
| 037 | _aTB | ||
| 040 |
_aARTS _bhin _cARTS |
||
| 041 |
_ahin _2hin |
||
| 084 |
_aO15,1NMIw 152Q9 _qARTS |
||
| 100 | _aनागर, उषा, ले. | ||
| 245 | 0 |
_aकवि पुण्डरीक पं. श्री सम्पूर्णदत्त मिश्र: व्यक्तित्व एवं कृतित्व _cनागर, उषा, ले. |
|
| 260 |
_aजयपुर, भारत _bपैराडाइज पब्लिर्शस _c2023 |
||
| 300 | _a223पृ0 | ||
| 365 |
_aINR _b1195 |
||
| 546 | _aTranslated from Sanskrit to Hindi | ||
| 650 |
_aSanskrit Poetry _9155567 |
||
| 942 |
_cTB _hO15,1NMIw 152Q9 |
||
| 999 |
_c1226383 _d1226383 |
||